000 00973nas a2200325 4500
001 BR0204818
003 BR-BrBNA
005 20231205103248.0
007 ta
008 230509b bl.|||p| |||| 00| 00por d
040 _aBR-BrBNA
_bpor
_cBiblioteca Nacional de Agricultura
041 _a(Pt)
072 _aF01; H60
100 1 _aOliveira Júnior, R.S.
100 1 _aConstantin, J.
100 1 _aHernandes, A.I.F.M.
100 1 _aInoue, M.H.
100 1 _aMarchiori Júnior, O.
100 1 _aRamires, A.C.
245 1 _aManejo químico de plantas daninhas em área de plantio direto de mandioca
650 _aMANDIOCA
650 _aERVA DANINHA
650 _aHERBICIDA
650 _aCONTROLE QUÍMICO
650 _aPÓS-EMERGÊNCIA
650 _aPLANTIO DIRETO
773 0 _tRevista Brasileira de Herbicidas (Brazil)
_xISSN 1517-9443
_g(Sep-Dec 2001), v. 2(3) p. 99-106
_wBR0204818
909 _a202311
_bLúcia
_c55
_dLúcia Elande
942 _2AGRIS
_n0
_cANA
999 _c171954
_d171954